|
|
|
|
| LEADER |
00763cam a2200241 7i4500 |
| 001 |
0000018295 |
| 005 |
20170218090000.0 |
| 008 |
071009 eng |
| 020 |
|
|
|a 0470050764 (hbk.)
|
| 020 |
|
|
|a 9780470050767
|
| 040 |
|
|
|a DLC
|
| 090 |
0 |
0 |
|a HF5415.2
|b .A25 2007
|
| 100 |
1 |
|
|a Aaker, David A
|
| 245 |
1 |
0 |
|a Marketing research
|c David A. Aaker, V. Kumar, George S. Day.
|
| 250 |
|
|
|a 9th ed.
|
| 260 |
|
|
|a Hoboken, NJ:
|b John Wiley & Sons,
|c 2007.
|
| 300 |
|
|
|a xvii, 774 p.:
|b ill.;
|c 27 cm.
|
| 504 |
|
|
|a Includes bibliographical references and index
|
| 650 |
0 |
0 |
|a Marketing research
|
| 700 |
1 |
|
|a Kumar, V
|
| 700 |
1 |
|
|a Day, George S
|
| 997 |
|
|
|a Business & Accountancy, Faculty
|
| 999 |
|
|
|a 0000020184
|b BOK
|c OPEN SHELF
|e 1st Floor, Shah Alam
|